|
|
|
|
| LEADER |
00000nam0a2200000 4500 |
| 001 |
93791 |
| 005 |
20231101213917.0 |
| 035 |
|
|
|a (RuTPU)RU\TPU\book\100430
|
| 090 |
|
|
|a 93791
|
| 100 |
|
|
|a 20060403d1980 km y0rusy50 ca
|
| 101 |
0 |
|
|a rus
|
| 102 |
|
|
|a RU
|
| 105 |
|
|
|a a z 001zy
|
| 200 |
1 |
|
|a Ядерная физика высоких энергий
|f Ю. П. Никитин, И. Л. Розенталь
|
| 210 |
|
|
|a Москва
|c Атомиздат
|d 1980
|
| 215 |
|
|
|a 232 с.
|c ил.
|
| 320 |
|
|
|a Библиогр.: с. 223-230.
|
| 606 |
1 |
|
|a Физика высоких энергий
|2 stltpush
|3 (RuTPU)RU\TPU\subj\63716
|9 80694
|
| 610 |
1 |
|
|a ядерная физика
|
| 610 |
1 |
|
|a высокие энергии
|
| 610 |
1 |
|
|a элементарные частицы
|
| 610 |
1 |
|
|a взаимодействие
|
| 610 |
1 |
|
|a атомное ядро
|
| 675 |
|
|
|a 539.14
|v 3
|
| 700 |
|
1 |
|a Никитин
|b Ю. П.
|g Юрий Петрович
|
| 701 |
|
1 |
|a Розенталь
|b И. Л.
|g Иосиф Леонидович
|
| 801 |
|
1 |
|a RU
|b 63413507
|c 20060403
|g PSBO
|
| 801 |
|
2 |
|a RU
|b 63413507
|c 20150422
|g PSBO
|
| 942 |
|
|
|c BK
|